Economics of social issues / (Запис № 491429)
[ простий вигляд ]
| 000 -LEADER | |
|---|---|
| fixed length control field | 01690cam a2200409 a 4500 |
| 001 - CONTROL NUMBER | |
| control field | economicsofsocia00shar |
| 003 - CONTROL NUMBER IDENTIFIER | |
| control field | CaSfIA |
| 005 - DATE AND TIME OF LATEST TRANSACTION | |
| control field | 20210118003712.0 |
| 007 - PHYSICAL DESCRIPTION FIXED FIELD--GENERAL INFORMATION | |
| fixed length control field | cr|||| |
| 008 - FIXED-LENGTH DATA ELEMENTS--GENERAL INFORMATION | |
| fixed length control field | 930503s1994 ilua b 001 0 eng |
| 010 ## - LIBRARY OF CONGRESS CONTROL NUMBER | |
| LC control number | 93008382 |
| 040 ## - CATALOGING SOURCE | |
| Original cataloging agency | DLC |
| Transcribing agency | DLC |
| Modifying agency | BAKER |
| -- | BTCTA |
| -- | YDXCP |
| -- | OCLCG |
| -- | CaSfIA |
| 020 ## - INTERNATIONAL STANDARD BOOK NUMBER | |
| International Standard Book Number | 025613751X (recycled paper) |
| 020 ## - INTERNATIONAL STANDARD BOOK NUMBER | |
| International Standard Book Number | 9780256137514 (recycled paper) |
| 035 ## - SYSTEM CONTROL NUMBER | |
| System control number | (OCoLC)28147153 |
| 050 00 - LIBRARY OF CONGRESS CALL NUMBER | |
| Classification number | HB171.5 |
| Item number | .S5498 1994 |
| 082 00 - DEWEY DECIMAL CLASSIFICATION NUMBER | |
| Classification number | 330 |
| Edition number | 20 |
| 029 1# - (OCLC) | |
| OCLC library identifier | NLGGC |
| System control number | 199761604 |
| 029 1# - (OCLC) | |
| OCLC library identifier | NZ1 |
| System control number | 4695587 |
| 029 1# - (OCLC) | |
| OCLC library identifier | AU@ |
| System control number | 000010110449 |
| 100 1# - MAIN ENTRY--PERSONAL NAME | |
| Personal name | Sharp, Ansel Miree, |
| Dates associated with a name | 1924- |
| 245 10 - TITLE STATEMENT | |
| Title | Economics of social issues / |
| Medium | [electronic resource] |
| Statement of responsibility, etc | Ansel M. Sharp, Charles A. Register, Richard H. Leftwich. |
| 250 ## - EDITION STATEMENT | |
| Edition statement | 11th ed. |
| 260 ## - PUBLICATION, DISTRIBUTION, ETC. (IMPRINT) | |
| Place of publication, distribution, etc | Burr Ridge, Ill. : |
| Name of publisher, distributor, etc | Irwin, |
| Date of publication, distribution, etc | c1994. |
| 300 ## - PHYSICAL DESCRIPTION | |
| Extent | xii, 434 p. : |
| Other physical details | col. ill. ; |
| Dimensions | 24 cm. |
| 440 #4 - SERIES STATEMENT/ADDED ENTRY--TITLE | |
| Title | The Irwin series in economics |
| 504 ## - BIBLIOGRAPHY, ETC. NOTE | |
| Bibliography, etc | Includes bibliographical references and index. |
| 506 ## - RESTRICTIONS ON ACCESS NOTE | |
| Standardized terminology for access restriction | Необхідна авторизація на https://archive.org/ (створення облікового запису безкоштовно) |
| 506 ## - RESTRICTIONS ON ACCESS NOTE | |
| Standardized terminology for access restriction | Необхідна авторизація на https://openlibrary.org/ (створення облікового запису безкоштовно) |
| 650 #0 - SUBJECT ADDED ENTRY--TOPICAL TERM | |
| Topical term or geographic name as entry element | Economics. |
| 650 #0 - SUBJECT ADDED ENTRY--TOPICAL TERM | |
| Topical term or geographic name as entry element | Social problems. |
| 700 1# - ADDED ENTRY--PERSONAL NAME | |
| Personal name | Register, Charles A. |
| 700 1# - ADDED ENTRY--PERSONAL NAME | |
| Personal name | Leftwich, Richard H. |
| 856 41 - ELECTRONIC LOCATION AND ACCESS | |
| Uniform Resource Identifier | <a href="http://www.archive.org/details/economicsofsocia00shar">http://www.archive.org/details/economicsofsocia00shar</a> |
| Public note | Free eBook from the Internet Archive |
| 856 42 - ELECTRONIC LOCATION AND ACCESS | |
| Uniform Resource Identifier | <a href="http://www.openlibrary.org/books/OL1400601M">http://www.openlibrary.org/books/OL1400601M</a> |
| Public note | Additional information and access via Open Library |
| 942 ## - ADDED ENTRY ELEMENTS (KOHA) | |
| Koha item type | ЕКнига |
Немає доступних примірників.